Cryptocurrency Tools for Smart Watches
Uložené v:
| Hlavný autor: | |
|---|---|
| Ďalší autori: | |
| Médium: | Rukopis Kniha |
| Jazyk: | Slovak English |
| Vydavateľské údaje: |
2026
|
| Predmet: | |
| On-line prístup: | http://is.stuba.sk/zp/portal_zp.pl?podrobnosti=186699 |
| Tagy: |
Žiadne tagy, Buďte prvý, kto otaguje tento záznam!
|
MARC
| LEADER | 00000ntm a22000003a 4500 | ||
|---|---|---|---|
| 001 | stuzp108430 | ||
| 003 | SK-STU | ||
| 005 | 20260207210343.2 | ||
| 007 | ta | ||
| 008 | 150427s2015----xo-----f-mn---000-0-slo-d | ||
| 040 | |a STU |b slo | ||
| 041 | 0 | |a eng | |
| 100 | 1 | |a Delikatnyi, Artem |u 070400 |4 aut |U FIIT Fakulta informatiky a informačných technológií |T FIIT Ústav počítačového inžinierstva a aplikovanej informatiky |X 129094 |U I400 |Y 672 |7 129094 | |
| 242 | 0 | 1 | |a Nástroje pre kryptomeny pre inteligentné hodinky |y slo |
| 245 | 1 | 0 | |a Cryptocurrency Tools for Smart Watches |
| 260 | |c 2026 | ||
| 650 | 4 | |a ERC-4337 |2 slo | |
| 650 | 4 | |a delegované kľúče |2 slo | |
| 650 | 4 | |a smart peňaženky |2 slo | |
| 650 | 4 | |a nositeľné zariadenia |2 slo | |
| 650 | 4 | |a Account Abstraction |2 slo | |
| 650 | 4 | |a Account Abstraction |2 eng | |
| 650 | 4 | |a ERC-4337 |2 eng | |
| 650 | 4 | |a delegated keys |2 eng | |
| 650 | 4 | |a smart wallets |2 eng | |
| 650 | 4 | |a wearable devices |2 eng | |
| 700 | 1 | |a Košťál, Kristián |u 070400 |k Z1 |4 ths |U FIIT Fakulta informatiky a informačných technológií |T FIIT Ústav počítačového inžinierstva a aplikovanej informatiky |X 52559 |U I400 |Y 672 |7 52559 | |
| 856 | 4 | |u http://is.stuba.sk/zp/portal_zp.pl?podrobnosti=186699 | |